000 01513nam a2200361 c 4500
003 BLK
005 20250208151233.0
008 180411b bul|||||r ||||||| ||bul||
010 _aKNG00212013000
020 _a978-954-9621-69-3
_bиздат.: АТЛАНТИС-КЛ
040 _aBLK
041 _aBUL
_cBUL
072 7 _2bullib
_aН83
_xЧужда художествена литература Н
080 _aАвстрийска литература
_b821.112(436)
_x-31
_z821.112(436)-31
100 1 _aГщрайн, Норберт
_eпърви автор
_957315
700 1 _aИлиев, Любомир Димитров
_9376558
139 _aГщрайн, Норберт
_bГ 94
245 1 0 _aВ свободния свят
_bРоман
_cНорберт Гщрайн; прев. от нем. Любомир Димитров Илиев.
257 _aAUT
260 София
_bАТЛАНТИС-КЛ
_c2017
_fСофия : Скала принт
300 _a399 с.
_c20 см
380 _aX
490 1 _aВълшебната планина : Съвременна проза от Германия, Австрия и Швейцария
500 _aОриг. загл. In der freien Welt / Norbert Gstrein.
653 _aромани
659 _aН
852 _aЦб 286974
856 4 _qpdf
_u
856 4 _qpdf
_u
942 _cKNG
_n0
_029
944 _aCR
_c08.09.2017
_lРенета Константинова
_k30546
944 _aED
_c10.01.2018
_lф /
_kЛюдмила_Стоянова
999 _c202545
_d202545